[Event "26th WSCC 2016 Open 65+"]
[Site "Marianske Lazne, Czech Republic - Hotel Cristal and Continental"]
[Date "2016.11.28"]
[Round "9.26"]
[White "Ofstad, Per"]
[Black "Braun, Gottfried"]
[Result "1/2-1/2"]
[WhiteElo "2129"]
[BlackElo "2242"]
[PlyCount "103"]
[EventDate "2016.11.19"]

1. e4 d6 2. d4 Nf6 3. Nc3 e5 4. Nf3 exd4 5. Nxd4 Be7 6. Be2 O-O 7. O-O Re8 8.
Bg5 Nxe4 9. Bxe7 Rxe7 10. Nxe4 Rxe4 11. Qd3 Re8 12. Rfe1 Nd7 13. Qg3 Ne5 14. f4
Nc6 15. Nxc6 bxc6 16. Bd3 Rxe1+ 17. Rxe1 Bd7 18. Qe3 Qf6 19. Qe7 Qxe7 20. Rxe7
Rd8 21. Kf2 Kf8 22. Re3 Rb8 23. b3 h6 24. h3 Rb4 25. Re4 c5 26. c3 Rb8 27. Re2
a5 28. Bc2 f5 29. g3 Kf7 30. h4 Kf6 31. Ke3 Be6 32. Rd2 c4 33. bxc4 Bxc4 34.
Bd1 Rb1 35. a3 Rc1 36. Kd4 Ba6 37. Be2 c5+ 38. Kd5 Bxe2 39. Rxe2 Rxc3 40. Re6+
Kf7 41. Rxd6 Rxa3 42. Ra6 Rxg3 43. Rxa5 Kg6 44. Rxc5 Rd3+ 45. Ke6 Re3+ 46. Re5
Re4 47. h5+ Kxh5 48. Kxf5 Ra4 49. Re1 g6+ 50. Ke5 Ra5+ 51. Ke4 Ra4+ 52. Ke5
1/2-1/2

[Event "26th WSCC 2016 Open 65+"]
[Site "Marianske Lazne, Czech Republic - Hotel Cristal and Continental"]
[Date "2016.11.28"]
[Round "9.27"]
[White "Huelsmann, Josef"]
[Black "Goncharov, Viktor"]
[Result "1-0"]
[WhiteElo "2219"]
[BlackElo "2125"]
[PlyCount "91"]
[EventDate "2016.11.19"]

1. d4 d6 2. Nf3 g6 3. g3 b5 4. Bg2 Bb7 5. O-O Bg7 6. c3 Nf6 7. Qb3 O-O 8. a4
Bd5 9. Qxb5 Nc6 10. Nbd2 Rb8 11. Qd3 Bxf3 12. exf3 a5 13. f4 d5 14. Nf3 e6 15.
Ne5 Rb6 16. b3 Qa8 17. Rb1 Rfb8 18. Qc2 Bf8 19. Bf3 Qb7 20. Bd1 Qc8 21. Be3 Ne4
22. Nd3 Nd6 23. Qe2 Ne7 24. Bc2 Ne4 25. Qe1 Nf5 26. Bc1 Rc6 27. Ne5 Rcb6 28. f3
Ned6 29. Ba3 Nb7 30. Bxf8 Kxf8 31. g4 Nfd6 32. Qh4 Kg7 33. g5 Nf5 34. Qh3 h5
35. gxh6+ Nxh6 36. Rf2 Nd6 37. Nd3 Rc6 38. Nc5 Nb7 39. b4 Rb6 40. b5 Rd6 41.
Rg2 Rd8 42. Bxg6 fxg6 43. Qh5 Nf7 44. Qxg6+ Kf8 45. Nxe6+ Ke7 46. Re1 1-0

[Event "26th WSCC 2016 Open 65+"]
[Site "Marianske Lazne, Czech Republic - Hotel Cristal and Continental"]
[Date "2016.11.28"]
[Round "9.28"]
[White "Kazantsev, Valentin"]
[Black "Jorgensen, Jorgen"]
[Result "1/2-1/2"]
[WhiteElo "1953"]
[BlackElo "2217"]
[PlyCount "95"]
[EventDate "2016.11.19"]

1. e4 Nf6 2. Nc3 d5 3. exd5 Nxd5 4. d4 Nxc3 5. bxc3 g6 6. Nf3 Bg7 7. Be2 O-O 8.
O-O c5 9. Bg5 Qc7 10. Qc1 Rd8 11. Qe3 Be6 12. Rfd1 Nc6 13. Bf4 Qa5 14. Rab1
Qxa2 15. Rxb7 Qxc2 16. Rc1 Qa2 17. dxc5 Bd5 18. Rc7 e5 19. Bg5 Rdc8 20. Rd7 Be6
21. Rd6 f6 22. Bb5 Ne7 23. Ra6 Qb3 24. c4 Qxe3 25. Bxe3 Bf7 26. g4 f5 27. Bg5
Kf8 28. Bxe7+ Kxe7 29. gxf5 gxf5 30. Nh4 Be6 31. Rca1 Rxc5 32. Rxa7+ Rxa7 33.
Rxa7+ Kf6 34. Ra6 Ke7 35. Ra7+ Kf6 36. Ra6 Ke7 37. Ra7+ Kf8 38. Ra6 Bc8 39. Ra7
e4 40. Ng2 Be6 41. Nf4 Bf7 42. Ra8+ Ke7 43. Ra7+ Kf6 44. h4 Bh6 45. Ra6+ Kg7
46. Ne6+ Bxe6 47. Rxe6 Bf4 48. Rc6 1/2-1/2

[Event "26th WSCC 2016 Open 65+"]
[Site "Marianske Lazne, Czech Republic - Hotel Cristal and Continental"]
[Date "2016.11.28"]
[Round "9.29"]
[White "Vitek, Vaclav"]
[Black "Lind, Jan-Olov"]
[Result "0-1"]
[WhiteElo "1999"]
[BlackElo "2213"]
[PlyCount "86"]
[EventDate "2016.11.19"]

1. d4 g6 2. Bg5 Bg7 3. e3 Nf6 4. Nd2 O-O 5. Be2 c5 6. c3 d6 7. Ngf3 b6 8. O-O
Bb7 9. Ne1 Nbd7 10. f4 h6 11. Bh4 Nd5 12. Nc2 cxd4 13. exd4 Nxf4 14. Rxf4 g5
15. Bxg5 hxg5 16. Rg4 e6 17. Qe1 f5 18. Rg3 d5 19. Bb5 e5 20. Bxd7 Qxd7 21.
Rxg5 e4 22. Qg3 f4 23. Qh3 Qxh3 24. gxh3 Rf6 25. Kh1 Kf7 26. Rag1 Bh6 27. Re5
Rh8 28. Rh5 Bg7 29. Rxh8 Bxh8 30. Rg5 Bg7 31. Kg1 Bh6 32. Re5 Rg6+ 33. Kh1 a5
34. b3 Rg8 35. Rh5 Kg6 36. Re5 Kf6 37. h4 Rc8 38. Nb1 f3 39. Rh5 Bf4 40. Rg5
Bxg5 41. hxg5+ Kxg5 42. Kg1 Kf4 43. Kf2 Rh8 0-1

[Event "26th WSCC 2016 Open 65+"]
[Site "Marianske Lazne, Czech Republic - Hotel Cristal and Continental"]
[Date "2016.11.28"]
[Round "9.30"]
[White "Roeder, Gerd"]
[Black "Karmov, Mazhmudin"]
[Result "1-0"]
[WhiteElo "2207"]
[BlackElo "2122"]
[PlyCount "103"]
[EventDate "2016.11.19"]

1. e4 c5 2. c3 e6 3. d4 d5 4. exd5 exd5 5. Nf3 Nf6 6. Bb5+ Bd7 7. Bxd7+ Nbxd7
8. O-O Be7 9. dxc5 Nxc5 10. Na3 O-O 11. Nc2 Re8 12. Ncd4 Bf8 13. Bf4 Qb6 14.
Qc2 Nfe4 15. Rad1 Rac8 16. Rfe1 Qa6 17. a3 Qa4 18. Qxa4 Nxa4 19. Re2 a6 20. Kf1
b5 21. Ne1 Red8 22. Rc2 g5 23. Be3 h6 24. Nf5 Kh7 25. g4 Kg6 26. f3 Nec5 27.
Nd3 Nxd3 28. Rxd3 Rd7 29. Rd1 h5 30. h3 a5 31. Re2 b4 32. axb4 axb4 33. cxb4
Rb8 34. Ra1 d4 35. Bxd4 Rxb4 36. b3 hxg4 37. hxg4 Nc5 38. Bxc5 Bxc5 39. Ra6+ f6
40. Rh2 Bf8 41. Ra8 Rxb3 42. Rxf8 Rb1+ 43. Kg2 Rd2+ 44. Kh3 Rdd1 45. Rg8+ Kf7
46. Rg7+ Kf8 47. Ra7 Rg1 48. Rg2 Rgf1 49. Kg3 Rb3 50. Rf2 Rg1+ 51. Kh2 Rbb1 52.
Ng3 1-0

[Event "26th WSCC 2016 Open 65+"]
[Site "Marianske Lazne, Czech Republic - Hotel Cristal and Continental"]
[Date "2016.11.28"]
[Round "9.31"]
[White "Singer, Hans"]
[Black "Behling, Robert"]
[Result "1/2-1/2"]
[WhiteElo "2202"]
[BlackElo "2118"]
[PlyCount "112"]
[EventDate "2016.11.19"]

1. Nf3 Nf6 2. c4 g6 3. Nc3 Bg7 4. e4 d6 5. d4 O-O 6. Be2 e5 7. Be3 Ng4 8. Bg5
f6 9. Bh4 g5 10. Bg3 Nh6 11. dxe5 dxe5 12. O-O c6 13. c5 Be6 14. Qc2 Nd7 15.
Na4 Qe7 16. Bc4 Rfd8 17. Rfd1 Nf7 18. Bxe6 Qxe6 19. Ne1 Nf8 20. f3 g4 21. fxg4
Qxg4 22. Nf3 Ne6 23. b3 Bh6 24. Re1 Bf4 25. Qf2 Nfg5 26. Nxg5 fxg5 27. Bxf4
Nxf4 28. Qg3 Qh5 29. Qf2 Nd3 30. Qe2 Qxe2 31. Rxe2 Nf4 32. Rc2 Rd4 33. Nc3 Rad8
34. Ne2 Rxe4 35. Ng3 Red4 36. Re1 Rd1 37. Rxd1 Rxd1+ 38. Kf2 Rd5 39. Ne4 Kg7
40. Nxg5 Rxc5 41. Rxc5 Nd3+ 42. Ke3 Nxc5 43. b4 Nd7 44. Ne6+ Kf6 45. Nd8 c5 46.
Nxb7 cxb4 47. Na5 Nb8 48. Ke4 Ke6 49. g4 a6 50. g5 Nd7 51. Nb3 a5 52. Nxa5 Nc5+
53. Ke3 Kd5 54. h4 Ne6 55. Nb3 Nf4 56. Kf3 Ne6 1/2-1/2

[Event "26th WSCC 2016 Open 65+"]
[Site "Marianske Lazne, Czech Republic - Hotel Cristal and Continental"]
[Date "2016.11.28"]
[Round "9.32"]
[White "Titz, Heimo"]
[Black "Toefferl, Heimo"]
[Result "0-1"]
[WhiteElo "2189"]
[BlackElo "2033"]
[PlyCount "52"]
[EventDate "2016.11.19"]

1. c4 e6 2. g3 d5 3. Bg2 c6 4. b3 Nd7 5. Nf3 f6 6. d4 Bd6 7. O-O Ne7 8. Bb2 O-O
9. Nc3 b6 10. e4 Bb7 11. Re1 Rc8 12. exd5 exd5 13. Bh3 Bb4 14. a3 Bxc3 15. Bxc3
Re8 16. Qd2 c5 17. dxc5 Nxc5 18. Bxc8 Qxc8 19. Rab1 dxc4 20. Nd4 Ne4 21. Qc2
cxb3 22. Rxb3 Ng5 23. Re3 Nh3+ 24. Kf1 Ba6+ 25. Nb5 Qc6 26. Qe4 Bxb5+ 0-1

[Event "26th WSCC 2016 Open 65+"]
[Site "Marianske Lazne, Czech Republic - Hotel Cristal and Continental"]
[Date "2016.11.28"]
[Round "9.33"]
[White "Kayaman, Metin"]
[Black "Friedman, Josef"]
[Result "1/2-1/2"]
[WhiteElo "1732"]
[BlackElo "2187"]
[PlyCount "45"]
[EventDate "2016.11.19"]

1. d4 Nf6 2. Nf3 e6 3. Nbd2 c5 4. e3 b6 5. Bd3 Bb7 6. O-O Be7 7. b3 cxd4 8.
exd4 O-O 9. Bb2 d6 10. Re1 Nbd7 11. c4 Re8 12. Rc1 Bf8 13. Bb1 Rc8 14. Nf1 g6
15. Qd3 Bg7 16. Ng3 Bxf3 17. Qxf3 d5 18. cxd5 Rxc1 19. Rxc1 Nxd5 20. Ne4 N7f6
21. g3 Qd7 22. Rc4 Nxe4 23. Qxe4 1/2-1/2

[Event "26th WSCC 2016 Open 65+"]
[Site "Marianske Lazne, Czech Republic - Hotel Cristal and Continental"]
[Date "2016.11.28"]
[Round "9.34"]
[White "Kende, Gyorgy Dr"]
[Black "Muratoglu, Salih"]
[Result "1/2-1/2"]
[WhiteElo "2145"]
[BlackElo "1897"]
[PlyCount "80"]
[EventDate "2016.11.19"]

1. e4 d6 2. d4 Nf6 3. Nc3 g6 4. Nf3 Bg7 5. Be2 O-O 6. O-O c6 7. a4 a5 8. h3 Na6
9. Be3 Nb4 10. Qd2 Re8 11. Rad1 Qc7 12. Rfe1 e5 13. dxe5 dxe5 14. Qc1 Be6 15.
Ng5 Rad8 16. Nxe6 Rxe6 17. Bc4 Ree8 18. f3 Nh5 19. Na2 Nxa2 20. Bxa2 Nf4 21.
Kh2 b5 22. g3 Ne6 23. axb5 cxb5 24. Kg2 b4 25. Rxd8 Rxd8 26. Bxe6 fxe6 27. Rd1
Rc8 28. Rd2 Qc4 29. Qa1 b3 30. cxb3 Qxb3 31. Kf2 a4 32. Qd1 Qb5 33. Rd8+ Rxd8
34. Qxd8+ Bf8 35. Qb6 Qc4 36. g4 Kf7 37. Kg3 Be7 38. Qa5 Qe2 39. Qd2 Qb5 40.
Qc3 Qe2 1/2-1/2

[Event "26th WSCC 2016 Open 65+"]
[Site "Marianske Lazne, Czech Republic - Hotel Cristal and Continental"]
[Date "2016.11.28"]
[Round "9.35"]
[White "Hutchinson, Norman A"]
[Black "Sloth, Jorn"]
[Result "0-1"]
[WhiteElo "2062"]
[BlackElo "2312"]
[PlyCount "52"]
[EventDate "2016.11.19"]

1. e4 e6 2. d4 d5 3. Nd2 c5 4. Ngf3 Nf6 5. e5 Ng8 6. c3 Nc6 7. Bd3 Bd7 8. O-O
h6 9. dxc5 Bxc5 10. Nb3 Bb6 11. Nbd4 Nge7 12. Nb5 O-O 13. Qe2 f6 14. Be3 fxe5
15. Bc2 e4 16. Nh4 Ne5 17. Qh5 Bxb5 18. Qxe5 Rf6 19. Rfd1 Bxe3 20. fxe3 Qb6 21.
Re1 Raf8 22. h3 g5 23. a4 Ba6 24. b4 Bc4 25. a5 Qd8 26. Rad1 Qb8 0-1

[Event "26th WSCC 2016 Open 65+"]
[Site "Marianske Lazne, Czech Republic - Hotel Cristal and Continental"]
[Date "2016.11.28"]
[Round "9.36"]
[White "Wahlbom, Magnus"]
[Black "Andersson, Kaj"]
[Result "1-0"]
[WhiteElo "2215"]
[BlackElo "2057"]
[PlyCount "93"]
[EventDate "2016.11.19"]

1. e4 c5 2. Nf3 d6 3. d4 cxd4 4. Nxd4 Nf6 5. Nc3 a6 6. h3 e5 7. Nde2 b5 8. g4
Bb7 9. Bg2 h6 10. Ng3 Nbd7 11. O-O Qc7 12. a4 b4 13. Na2 Rc8 14. Nxb4 a5 15.
Na2 Qxc2 16. Nc3 Qxd1 17. Rxd1 Nc5 18. Be3 g6 19. f3 Ba6 20. Nb5 Rc6 21. Bf1
Be7 22. Ra3 Nfd7 23. Bd2 Nb7 24. Nc7+ Rxc7 25. Bxa6 d5 26. Rc3 Nbc5 27. Bb5 d4
28. Rc4 Ra7 29. b4 axb4 30. Bxb4 Ne6 31. Rc8+ Nd8 32. Bc5 Bxc5 33. Rxc5 f6 34.
Rdc1 O-O 35. Rc7 Rxc7 36. Rxc7 Nb6 37. a5 Na8 38. Bc4+ Kh8 39. Rc8 Ne6 40. Bxe6
Kg7 41. Rxf8 Kxf8 42. a6 Ke7 43. Bd5 Nb6 44. a7 Kd6 45. a8=Q Nxa8 46. Bxa8 Kc5
47. Kf2 1-0

[Event "26th WSCC 2016 Open 65+"]
[Site "Marianske Lazne, Czech Republic - Hotel Cristal and Continental"]
[Date "2016.11.28"]
[Round "9.37"]
[White "Gamboa Gonzalez, Anibal"]
[Black "Tapper, Larry"]
[Result "0-1"]
[WhiteElo "2040"]
[BlackElo "2212"]
[PlyCount "100"]
[EventDate "2016.11.19"]

1. b3 e5 2. Bb2 d6 3. d4 exd4 4. Qxd4 Nc6 5. Qd2 Nf6 6. Nc3 a6 7. e4 Be6 8. Rd1
Qe7 9. Be2 O-O-O 10. f4 d5 11. e5 Ng4 12. Bf3 d4 13. Ne4 Ne3 14. Rc1 h6 15. Ne2
Qb4 16. a3 Qb6 17. Kf2 Nxc2 18. b4 d3+ 19. Kg3 Ne3 20. N2c3 Nf5+ 21. Kh3 Nfd4+
22. Kg3 Nb3 23. Qd1 Ncd4 24. h3 Nxc1 25. Na4 Nde2+ 26. Kh2 Qb5 27. Bxc1 Nxc1
28. Nac3 Qc4 29. Qxc1 Be7 30. Qd2 g5 31. Rc1 Qd4 32. Na4 Kb8 33. Rc3 Bf5 34.
Nb2 gxf4 35. Rxd3 Qxe5 36. Nc4 Qe6 37. Qc2 Rxd3 38. Qxd3 Rd8 39. Qe2 Rd4 40.
Ned2 Bd3 41. Qxe6 fxe6 42. Ne5 Bd6 43. Nd7+ Kc8 44. Nb3 Rc4 45. Ndc5 Rc3 46.
Bxb7+ Kb8 47. Bf3 Bc4 48. Nd7+ Kc8 49. Nbc5 Bxc5 50. Nxc5 Rxa3 0-1

[Event "26th WSCC 2016 Open 65+"]
[Site "Marianske Lazne, Czech Republic - Hotel Cristal and Continental"]
[Date "2016.11.28"]
[Round "9.38"]
[White "Vladimirsky, Mark"]
[Black "Furman, Boris"]
[Result "0-1"]
[WhiteElo "2023"]
[BlackElo "2207"]
[PlyCount "104"]
[EventDate "2016.11.19"]

1. d4 Nf6 2. Nf3 d5 3. c4 e6 4. Nc3 Bb4 5. e3 O-O 6. a3 Bd6 7. c5 Be7 8. b4 b6
9. Bb2 a5 10. Bd3 bxc5 11. dxc5 c6 12. Ne2 Ba6 13. O-O Bxd3 14. Qxd3 Nbd7 15.
Qc3 Qc7 16. Ne5 Ne4 17. Qd4 Bf6 18. f4 Rfb8 19. Ng3 Nxg3 20. hxg3 Qb7 21. Bc3
axb4 22. axb4 Rxa1 23. Rxa1 Bxe5 24. fxe5 Ra8 25. Rxa8+ Qxa8 26. Qd1 Qa6 27.
Bd4 g6 28. Kf2 Nb8 29. Qe2 Qxe2+ 30. Kxe2 Na6 31. Bc3 Kf8 32. Kd3 Ke7 33. Kc2
Kd7 34. Kb3 Kc7 35. Ka4 Kb7 36. Bd4 Nc7 37. Ka5 h5 38. Bc3 Nb5 39. Bb2 g5 40.
Ka4 Ka6 41. Ba1 g4 42. Bb2 Nc7 43. Bc3 Nb5 44. Bb2 Na7 45. Bc3 Nc8 46. Bd2 Ne7
47. Be1 Ng6 48. Bc3 h4 49. gxh4 Nxh4 50. b5+ cxb5+ 51. Kb4 Nxg2 52. Bd4 Ne1 0-1

[Event "26th WSCC 2016 Open 65+"]
[Site "Marianske Lazne, Czech Republic - Hotel Cristal and Continental"]
[Date "2016.11.28"]
[Round "9.39"]
[White "Altshul, Raffael"]
[Black "Gergel, Vladimir P"]
[Result "1/2-1/2"]
[WhiteElo "2037"]
[BlackElo "2201"]
[PlyCount "97"]
[EventDate "2016.11.19"]

1. d4 d5 2. c4 e6 3. Nc3 Nf6 4. cxd5 exd5 5. Bg5 Nbd7 6. e3 c6 7. Bd3 Be7 8.
Qc2 Nh5 9. Bxe7 Qxe7 10. Nge2 g6 11. O-O f5 12. Nf4 Nxf4 13. exf4 O-O 14. Qd2
Qg7 15. Bc2 Nf6 16. f3 Be6 17. Rae1 Rfe8 18. Ne2 Nd7 19. Nc1 Nf8 20. Qf2 Bf7
21. Re5 Nd7 22. Rxe8+ Rxe8 23. Nd3 Nf8 24. Ne5 Be6 25. g3 Qc7 26. Qd2 Rc8 27.
b4 a5 28. a3 axb4 29. axb4 Ra8 30. Qc3 Qb6 31. Nd3 Qa7 32. Nc5 Bf7 33. Nb3 Re8
34. Ra1 Qb8 35. Kf2 Nd7 36. Re1 Rxe1 37. Kxe1 Qa7 38. Qa1 Qb8 39. Qa5 b6 40.
Qa4 Qc7 41. Qa3 Kg7 42. Kf2 Be6 43. Bd3 h6 44. h4 Qd6 45. Be2 Kf6 46. Bd3 Kg7
47. Be2 Qe7 48. Bd1 Qd6 49. Be2 1/2-1/2

[Event "26th WSCC 2016 Open 65+"]
[Site "Marianske Lazne, Czech Republic - Hotel Cristal and Continental"]
[Date "2016.11.28"]
[Round "9.40"]
[White "Sprotte, Norbert"]
[Black "Hoeschele, Hans-Ulrich"]
[Result "1-0"]
[WhiteElo "2196"]
[BlackElo "2057"]
[PlyCount "137"]
[EventDate "2016.11.19"]

1. Nf3 d5 2. c4 c6 3. e3 Nf6 4. d4 g6 5. Nc3 Bg7 6. Bd3 O-O 7. O-O Nbd7 8. cxd5
Nxd5 9. Nxd5 cxd5 10. Qb3 Nb8 11. Bd2 Nc6 12. h3 a6 13. Rfc1 Re8 14. Bc3 e6 15.
a4 Bf8 16. a5 Bd6 17. Ne5 Ne7 18. Bb4 f6 19. Nf3 Kg7 20. Bc5 Nc6 21. Bb6 Qd7
22. Kf1 Bb8 23. Rc3 Bd6 24. Be2 Qf7 25. Ne1 e5 26. Nd3 exd4 27. exd4 Bf5 28.
Qd1 Rac8 29. Nc5 Nb4 30. Qb3 Bxc5 31. Bxc5 Nc6 32. Qd1 g5 33. b4 Qd7 34. Raa3
Bg6 35. Qd2 h6 36. Bf3 Be4 37. Bd1 Bg6 38. Re3 Rxe3 39. Rxe3 Re8 40. Bg4 f5 41.
Rxe8 Bxe8 42. Bd1 Nd8 43. f4 Ne6 44. g3 gxf4 45. g4 Qf7 46. Bd6 Bb5+ 47. Kg2
fxg4 48. Bxg4 Qg6 49. Qe1 f3+ 50. Kg3 Kf7 51. Qe5 Ng7 52. Qxd5+ Ke8 53. Qe5+
Kf7 54. Kxf3 Bc6+ 55. Kf2 Qf6+ 56. Qxf6+ Kxf6 57. Be5+ Kf7 58. Bxg7 Kxg7 59.
Kg3 Kf6 60. Kf4 Bd5 61. h4 Bg2 62. Bf3 Bxf3 63. Kxf3 Kf5 64. Ke3 Ke6 65. Ke4 h5
66. d5+ Kd6 67. Kd4 Kd7 68. Kc5 Kc7 69. d6+ 1-0

[Event "26th WSCC 2016 Open 65+"]
[Site "Marianske Lazne, Czech Republic - Hotel Cristal and Continental"]
[Date "2016.11.28"]
[Round "9.41"]
[White "Kolbak, Jens"]
[Black "Dahlhaus, Friedhelm"]
[Result "1-0"]
[WhiteElo "2189"]
[BlackElo "2052"]
[PlyCount "89"]
[EventDate "2016.11.19"]

1. e4 e5 2. Nf3 Nc6 3. Bb5 Nf6 4. d3 Bc5 5. O-O d6 6. c3 O-O 7. h3 Bb6 8. Nbd2
Ne7 9. Nc4 c6 10. Nxb6 Qxb6 11. Ba4 Ng6 12. Re1 Be6 13. Bb3 Bxb3 14. axb3 c5
15. Bg5 Nd7 16. h4 h6 17. Be3 Qd8 18. g3 Nf6 19. Nd2 Qd7 20. Kg2 Ng4 21. Qf3 f5
22. exf5 Qxf5 23. Qxf5 Rxf5 24. Ne4 Nxe3+ 25. fxe3 Raf8 26. Re2 Rd8 27. Rxa7
Rd7 28. Rf2 Ne7 29. Ra8+ Kf7 30. g4 Rxf2+ 31. Kxf2 Ke6 32. c4 Nc6 33. Ke2 Rf7
34. Nc3 Nb4 35. Ne4 Kd7 36. Ng3 Ke7 37. Nf5+ Kd7 38. h5 Nc6 39. Rg8 Na5 40.
Nxg7 Nxb3 41. Nf5 Nc1+ 42. Kd2 Nb3+ 43. Kc2 Na1+ 44. Kc3 Kc6 45. Ra8 1-0

[Event "26th WSCC 2016 Open 65+"]
[Site "Marianske Lazne, Czech Republic - Hotel Cristal and Continental"]
[Date "2016.11.28"]
[Round "9.42"]
[White "Harding, Tim D"]
[Black "Raikin, Leonid"]
[Result "0-1"]
[WhiteElo "2015"]
[BlackElo "2180"]
[PlyCount "66"]
[EventDate "2016.11.19"]

1. e4 c6 2. d4 d5 3. e5 Bf5 4. Nf3 e6 5. Be2 Ne7 6. O-O Nd7 7. Nbd2 c5 8. Nb3
Nc6 9. c4 dxc4 10. Bxc4 cxd4 11. Bf4 a6 12. Nbxd4 Nxd4 13. Nxd4 Nb6 14. Nxf5
Qxd1 15. Rfxd1 Nxc4 16. Nd6+ Bxd6 17. exd6 Kd7 18. Rac1 Rac8 19. b3 Nb6 20.
Rc7+ Rxc7 21. dxc7+ Nd5 22. g3 Rc8 23. f3 Ke7 24. h4 Nxc7 25. Bd6+ Ke8 26. Bxc7
Rxc7 27. Rd4 Ke7 28. a4 b6 29. b4 Rc1+ 30. Kh2 Ra1 31. b5 axb5 32. Rb4 Rxa4 33.
Rxb5 Ra6 0-1

[Event "26th WSCC 2016 Open 65+"]
[Site "Marianske Lazne, Czech Republic - Hotel Cristal and Continental"]
[Date "2016.11.28"]
[Round "9.43"]
[White "Golcman, Evgeny"]
[Black "Leitner, Walter"]
[Result "1-0"]
[WhiteElo "2164"]
[BlackElo "2039"]
[PlyCount "47"]
[EventDate "2016.11.19"]

1. c4 e5 2. g3 Nf6 3. Bg2 Nc6 4. Nf3 g6 5. Nc3 Bg7 6. O-O O-O 7. d4 exd4 8.
Nxd4 Nxd4 9. Qxd4 d6 10. Qh4 Qd7 11. Bh6 Bxh6 12. Qxh6 c6 13. Rad1 Qe7 14. Rd4
Ne8 15. Rfd1 Bf5 16. Be4 Be6 17. Bf3 Rd8 18. Ne4 f6 19. Qd2 f5 20. Ng5 Kg7 21.
Qe3 Rf6 22. Rh4 h5 23. Qxa7 Bxc4 24. Rxc4 1-0

[Event "26th WSCC 2016 Open 65+"]
[Site "Marianske Lazne, Czech Republic - Hotel Cristal and Continental"]
[Date "2016.11.28"]
[Round "9.44"]
[White "Gerhard, Walter"]
[Black "Vechet, Stanislav"]
[Result "1/2-1/2"]
[WhiteElo "2014"]
[BlackElo "2149"]
[PlyCount "87"]
[EventDate "2016.11.19"]

1. d4 Nf6 2. Nf3 e6 3. g3 d5 4. c4 dxc4 5. Qa4+ Nbd7 6. Qxc4 a6 7. Bg2 b5 8.
Qc2 Bb7 9. O-O c5 10. Rd1 Rc8 11. Qd2 Qb6 12. e3 Be7 13. b3 O-O 14. Bb2 Ne4 15.
Qe2 Rfd8 16. dxc5 Bxc5 17. Nbd2 Ndf6 18. Nxe4 Nxe4 19. Rxd8+ Rxd8 20. Bd4 Bxd4
21. Nxd4 Nc3 22. Qb2 b4 23. Bxb7 Qxb7 24. a3 a5 25. axb4 axb4 26. Rf1 h5 27. h4
Qe4 28. Ne2 Rc8 29. Qd2 Qd5 30. Qc2 g6 31. Nf4 Qf3 32. Qd3 Qe4 33. Qxe4 Nxe4
34. Nd3 Rc3 35. Nxb4 Rxb3 36. Nc6 Kg7 37. Ra1 Rb6 38. Ne5 Rb7 39. Ra2 f6 40.
Nd3 Rd7 41. Ra3 e5 42. Kg2 Rc7 43. Ra2 Rd7 44. Ra3 1/2-1/2

[Event "26th WSCC 2016 Open 65+"]
[Site "Marianske Lazne, Czech Republic - Hotel Cristal and Continental"]
[Date "2016.11.28"]
[Round "9.45"]
[White "Doubleday, William G"]
[Black "Tchetchelnitski, Boris"]
[Result "1/2-1/2"]
[WhiteElo "2013"]
[BlackElo "2144"]
[PlyCount "71"]
[EventDate "2016.11.19"]

1. d4 f5 2. Nc3 e6 3. e4 fxe4 4. Nxe4 Nf6 5. Bg5 Be7 6. Bxf6 Bxf6 7. Nf3 d5 8.
Nc5 b6 9. Nd3 Qd6 10. Qd2 O-O 11. Nde5 c5 12. c3 Nd7 13. Nxd7 Bxd7 14. Be2 Be8
15. O-O Bg6 16. Rfe1 Rad8 17. Bd3 Bxd3 18. Qxd3 cxd4 19. cxd4 Rc8 20. Ne5 Qc7
21. g3 Qc2 22. Qe2 Bxe5 23. dxe5 Qxe2 24. Rxe2 Rc4 25. f4 Rfc8 26. Kf2 Kf7 27.
Rae1 Kg6 28. Kf3 h5 29. Rf1 Rc2 30. Rxc2 Rxc2 31. Rf2 Rc1 32. h3 Kf7 33. g4
hxg4+ 34. hxg4 g6 35. Rh2 Kg7 36. Rg2 1/2-1/2

[Event "26th WSCC 2016 Open 65+"]
[Site "Marianske Lazne, Czech Republic - Hotel Cristal and Continental"]
[Date "2016.11.28"]
[Round "9.46"]
[White "Vrabec, Milos"]
[Black "Kratschmer, Heinz"]
[Result "1-0"]
[WhiteElo "2138"]
[BlackElo "2008"]
[PlyCount "103"]
[EventDate "2016.11.19"]

1. e4 c5 2. Nc3 g6 3. g3 Bg7 4. Bg2 Nc6 5. d3 d6 6. Be3 e5 7. Qd2 Nge7 8. Bh6
O-O 9. h4 f5 10. h5 f4 11. Bxg7 Kxg7 12. gxf4 exf4 13. hxg6 hxg6 14. O-O-O g5
15. Nh3 Ng6 16. Nd5 Be6 17. Bf3 Rh8 18. Nxg5 Qxg5 19. Rhg1 Qe5 20. Nxf4 Nce7
21. Rg5 Qf6 22. Nh5+ Rxh5 23. Bxh5 Rg8 24. f4 Kh6 25. Bxg6 Rxg6 26. Rxg6+ Kxg6
27. f5+ Nxf5 28. exf5+ Qxf5 29. Qg2+ Qg5+ 30. Qxg5+ Kxg5 31. Kd2 Kf6 32. a3 Ke7
33. Ke3 Kd7 34. d4 Kc6 35. dxc5 dxc5 36. Ke4 Kc7 37. Ke5 Bd7 38. Rd5 Kc6 39.
Rd6+ Kc7 40. Kd5 Bf5 41. c4 Bd3 42. Rf6 b6 43. Rf7+ Kb8 44. Re7 Bf1 45. b4 Bg2+
46. Kd6 cxb4 47. axb4 a5 48. bxa5 bxa5 49. c5 a4 50. c6 a3 51. Re3 a2 52. Ra3
1-0

[Event "26th WSCC 2016 Open 65+"]
[Site "Marianske Lazne, Czech Republic - Hotel Cristal and Continental"]
[Date "2016.11.28"]
[Round "9.47"]
[White "Vrchotka, Josef"]
[Black "Beltz, Robert"]
[Result "0-1"]
[WhiteElo "1994"]
[BlackElo "2135"]
[PlyCount "89"]
[EventDate "2016.11.19"]

1. e4 c5 2. f4 Nc6 3. Nf3 g6 4. c4 d6 5. Nc3 Bg7 6. Be2 e6 7. O-O Nge7 8. d3
Nd4 9. Be3 Nec6 10. Bf2 Rb8 11. Qd2 Qa5 12. Rfd1 O-O 13. Rab1 a6 14. Nxd4 cxd4
15. Rbc1 dxc3 16. bxc3 Qc7 17. g4 f5 18. h3 b6 19. Rb1 e5 20. exf5 exf4 21.
fxg6 hxg6 22. d4 Na5 23. Qd3 Qf7 24. d5 f3 25. Bf1 Qf4 26. Qxg6 Rf6 27. Qc2 Rh6
28. Qc1 Qf8 29. Qd2 Rb7 30. Re1 b5 31. cxb5 axb5 32. Re4 Nc4 33. Qg5 Ne5 34.
Rxb5 Rxb5 35. Bxb5 Rxh3 36. Rf4 Nf7 37. Qg6 Rh6 38. Qe4 Qd8 39. Bf1 Be5 40. Bg3
Ng5 41. Qd3 Bxf4 42. Bxf4 Bxg4 43. Qe3 Rg6 44. Bd3 Nh3+ 45. Kf1 0-1

[Event "26th WSCC 2016 Open 65+"]
[Site "Marianske Lazne, Czech Republic - Hotel Cristal and Continental"]
[Date "2016.11.28"]
[Round "9.48"]
[White "Wheeler, Robert"]
[Black "Pacl, Vaclav"]
[Result "1/2-1/2"]
[WhiteElo "2007"]
[BlackElo "2104"]
[PlyCount "22"]
[EventDate "2016.11.19"]

1. Nf3 d6 2. c4 e5 3. Nc3 Be7 4. d4 Nd7 5. e4 Ngf6 6. Be2 O-O 7. Be3 c6 8. O-O
Ng4 9. Bc1 Ngf6 10. Be3 Ng4 11. Bc1 Ngf6 1/2-1/2

[Event "26th WSCC 2016 Open 65+"]
[Site "Marianske Lazne, Czech Republic - Hotel Cristal and Continental"]
[Date "2016.11.28"]
[Round "9.49"]
[White "Casden, Alan"]
[Black "Pitzl, Konstantinos"]
[Result "1-0"]
[WhiteElo "2102"]
[BlackElo "2004"]
[PlyCount "73"]
[EventDate "2016.11.19"]

1. e4 d6 2. d4 Nf6 3. Nc3 g6 4. Nf3 Bg7 5. h3 O-O 6. Be3 c6 7. a4 Nbd7 8. Be2
e5 9. dxe5 dxe5 10. Nd2 Qe7 11. Nc4 Nc5 12. Qd6 Qxd6 13. Nxd6 Ne6 14. O-O-O Nd4
15. Bc4 a6 16. f4 Bh6 17. Rhf1 b5 18. Ba2 b4 19. Bxd4 exd4 20. Ne2 c5 21. g4
Ne8 22. Nc4 Bb7 23. g5 Bg7 24. Ng3 Kh8 25. h4 h5 26. f5 f6 27. fxg6 fxg5 28.
hxg5 Bc8 29. Nxh5 Be6 30. Rh1 Kg8 31. e5 Rf2 32. Nf6+ Kf8 33. Nb6 Bxa2 34. Nxa8
Bc4 35. Nb6 Be6 36. Rhf1 Rg2 37. Nfd5+ 1-0